01391nam a2200301 a 4500001001000000005001700010008004100027020001500068040001300083050002200096245009200118260006900210300004200279500003100321500008700352500019600439500004600635504003200681600002100713600004100734650004400775650003400819650004500853650003800898650003300936700002000969711010000989BRCA_115920190320203316.0931021s1990 mx-a---##b---#100-0#spa-# a9683617239 aDLCcDLC 4aNB1910b.I43 199010aImaginería virreinalbmemorias de un seminariocdirección editorial Gustavo Curiel. aMéxicobUNAM, Instituto de Investigaciones Estéticasc[1990] a156 p.bil. (algunas a color)c28 cm. aIncluye catálogo de obra aIncluye piezas de la colección Franz Mayer : p. [60], 64, [65-66], 75, [76] y 81 aSeminario de Escultura Esplendor Virreinal: Guatemala y México, realizado en Tepozotlán, 1987 organizado por el Instituto de Investigaciones Estéticas y el Museo Nacional del Virreinato aEstado físico: encuadernado, marzo 2015 aBibliografía : p. 149-15214aJesucristoxArte14aVirgen María en el artevCongresos14aEscultura colonialvCongresoszMéxico14aEscultura mexicanavCongresos14aEscultura colonialvCongresoszGuatemala14aEscultura guatemaltecavCongresos14aSantos en el artevCongresos1 aCuriel, Gustavo2 aSeminario de Escultura Esplendor Virreinal: Guatemala y Méxicod1987cTepotzotlán, México